Thế giới: 202 quốc gia vùng lãnh thổ /

保存先:
書誌詳細
その他の著者: Dong Quang Tien Nguyen Cuong Dung Tran Manh Thuong bien tap
フォーマット: 図書
言語:Vietnamese
出版事項: Thông Tấn. 2003
主題:
タグ: タグ追加
タグなし, このレコードへの初めてのタグを付けませんか!
Thư viện lưu trữ: Mạng thư viện Đại học Đà Nẵng
LEADER 00979nam a22002891a 4500
001 000039077
003 15372
005 20230228101907.0
008 160412s2003 000
020 |c 250000 
040 |a LNN 
041 |a vie 
082 |a 910  |T TH-G 
245 0 |a Thế giới: 202 quốc gia vùng lãnh thổ /  |c Lê Quốc Trung. 
260 |c 2003  |b Thông Tấn. 
300 |a 615tr ;  |c 24cm. 
653 |a Thế giới  |a 202 quốc gia  |a vùng lãnh thổ 
700 |a Dong Quang Tien  |b Nguyen Cuong Dung  |c Tran Manh Thuong  |d bien tap 
OWN |a LNN 
AVA |a UDN50  |b LNN  |d 910 TH-G  |e available  |t Error 5001 Not defined in file expand_doc_bib_avail.  |f 1  |g 0  |h N  |i 0  |k 1 
999 |a From the UDN01 
AVA |a UDN50  |b LNN  |d 910 TH-G  |e available  |t Error 5001 Not defined in file expand_doc_bib_avail.  |f 1  |g 0  |h N  |i 0  |k 1 
TYP |a Monograph 
980 |a Mạng thư viện Đại học Đà Nẵng